000 00832cam7a220026500 4500
001 zam00002835
008 951128s1991 xx eng u
035 _a(Sirsi) r20174
035 _a(MACHINE)SLC.
100 _aNketani, B.
_6A81426.1
245 1 0 _aEnterprise manpower planning the case of INDECO Ltd..
260 _c1991.
949 _aNKE1-4ENT
_wlcc
_i-18648
_mMAIN
_tBOOK
_lON-SHELF
949 _aNKE1-4ENT
_wlcc
_mMAIN
_tBOOK
_lON-SHELF
949 _aNKE1-4ENT
_wlcc
_mMAIN
_tBOOK
_lON-SHELF
949 _aNKE1-4ENT
_wlcc
_mMAIN
_tBOOK
_lON-SHELF
004 20174
591 _aClass code: DS 940.
591 _aCourse: Women and development.
591 _aSchool: S05.
591 _aLecturer: Dr. MILIMO, M.C.
591 _aNumber of Students: 61.
900 _2MAIN
_8NKE1-4ENT
_c4
909 _aReprint
999 _c170354
_d170354